• 首页
  • 本馆介绍
  • 公告通知
  • 最新文献
  • 馆藏检索
  • 电子资源
  • 读者导购
  • 参考咨询
  • 我的图书馆
  • 登录
  • 详细信息显示
  • 放入我的书架
  • 预约/预借图书
  • 作者相关作品
  • 分类相关作品
  • 丛书相关作品
  • 出版社相关作品

书目信息

  • 表格格式
  • 工作单格式
  • 卡片格式
题名:
先祖远古背影
    
 
作者: 李姗姗 主编
分册:  
出版信息: 汕头   汕头大学出版社  2017
页数: 122页
开本: 23cm
丛书名:
单 册:
中图分类: K210.3 , K210
科图分类:
主题词: 远古文化--Yuan Gu Wen Hua--介绍--中国
电子资源:
ISBN: 978-7-5658-2831-7
000 00809nam0 2200241 450
001 2339519117
005 20231109170435.87
010    @a978-7-5658-2831-7@dCNY32.00
100    @a20170907d2017 em y0chiy50 ea
101 0  @achi
102    @aCN@b440000
105    @aa z 000yy
200 1  @a先祖远古背影@AXian Zu Yuan Gu Bei Ying@f李姗姗主编
210    @a汕头@c汕头大学出版社@d2017
215    @a122页@c彩图@d23cm
300    @a中华复兴之光 千秋名胜古迹
330    @a本书主要介绍了巫山人、元谋人、资阳人等早期人类在我国不同地区的聚居和发展的历史过程,和他们所创造的远古文明及其遗存,追溯了中华文明的起源。
606 0  @a远古文化@AYuan Gu Wen Hua@x介绍@y中国
690    @aK210.3@v5
690    @aK210@v4
701  0 @a李姗姗@ALi Shan Shan@4主编
801  0 @aCN@b山东中教@c20230926
905    @aBZT@dK210@e3
    
    先祖远古背影/李姗姗主编.-汕头:汕头大学出版社,2017
    122页:彩图;23cm
    中华复兴之光 千秋名胜古迹
    
    ISBN 978-7-5658-2831-7:CNY32.00
    本书主要介绍了巫山人、元谋人、资阳人等早期人类在我国不同地区的聚居和发展的历史过程,和他们所创造的远古文明及其遗存,追溯了中华文明的起源。
●
相关链接 在五车中查询图书 在当当中查询图书 在豆瓣中查询图书


正题名:先祖远古背影     索取号:K210/3         预约/预借

序号 登录号 条形码 馆藏地/架位号 状态 备注
1 2000962601   2000962601   第四书库/四34架A面5层1列/ [索取号:K210/3] 在馆    
2 2000962602   2000962602   第四书库/四34架A面5层1列/ [索取号:K210/3] 在馆    
3 2000962603   2000962603   第四书库/四34架A面5层1列/ [索取号:K210/3] 在馆    
4 2000962604   2000962604   第四书库/四34架A面5层1列/ [索取号:K210/3] 在馆    
5 2000962605   2000962605   第四书库/四34架A面5层1列/ [索取号:K210/3] 在馆    
6 2000962606   2000962606   第四书库/四34架A面5层1列/ [索取号:K210/3] 在馆    
山东省滨州职业学院图书馆 欢迎您!
大连网信软件有限公司© 版权所有